| 000 | 00428nam a22001697a 4500 | ||
|---|---|---|---|
| 005 | 20230117110336.0 | ||
| 008 | 220215b ||||| |||| 00| 0 eng d | ||
| 020 | _a9788131313992 | ||
| 041 | _aeng | ||
| 082 |
_a628.5 _bKUM-E |
||
| 100 |
_aKUMAR, R _97124 |
||
| 245 | _aENVIRONMENTAL POLLUTION AND HEALTH HAZARDS | ||
| 260 |
_aNEW DELHI _bA.P.H _c2015 |
||
| 300 | _a292;P. | ||
| 650 |
_aPHARMACY _xB.PHARMA _97083 |
||
| 942 | _cBK | ||
| 999 |
_c7947 _d7945 |
||